01129nam a2200241 a 4500001001000000003000400010005001700014008004100031040002500072082002000097100003600117245021700153260007400370300003500444500001600479504002900495590002600524651008600550942001300636952010700649952011400756999001700870000029892OSt20201006155413.0110426s1954 dr ac 000 0 spa d aDO-SdBNPbspacBNPHU a327.7293bB483a1 aBeras, Francisco Elpidio95584310aLa autodeterminación del pueblo dominicano, extremo irreductible de la política exterior de Trujillo :bconferencia pronunciada en el auditórium de palacio del Partido Dominicano /cFrancisco Elpidio Beras. aCiudad Trujillo, República Dominicana :bEditora del Caribe,c1954. a20 p. :bil., retrs. ;c24 cm. a"Separata." aBibliografía : p. [21] aInventariado, 2019/VM 4aRepública DominicanaxRelaciones exterioresvEnsayos, conferencias, etc.976773 2ddccLF1 00102ddc718PDaPDbPDd2011-04-26iLF2l0o327.7293 B483ap29892-10r2020-06-25w2020-06-25yLFPD 00102ddc718PDaPDbPDd2019-08-28iLF2l0o327.7293 B483ap29892-20r2020-06-25te. 2w2020-06-25yLFPD c29384d29384